000 00953nam a2200277 i 4500
003 DO-SdBNP
005 20240305073656.0
007 ta
008 110413s20102014dr o 000 0 spa d
040 _aDO-SdBNP
_bspa
_cBNPHU
_erda
082 _axxx
_bxxx
_222
110 _aCorporación Dominicana de Empresas Eléctricas Estatales
_910188
245 1 0 _aProyecto hidroeléctrico Pinalito :
_bRepública Dominicana /
_cfotografías Orlando Barría
264 _aSanto Domingo :
_bEPYCO, asesoría y comunicaciones,
_bAA,
_c[2014].
300 _a9 páginas
_bfotografías
_c22 cm.
336 _2rdacontent
_atexto
_btxt
337 _2rdamedia
_asin mediación
_bn
338 _2rdacarrier
_avolumen
_bnc
590 _aInventariado, 2023/ YL
650 4 _aPresa hidroeléctrica
_983887
650 4 _aEnergía limpia
_983888
650 4 _aElectricidad
700 1 _aSilié, Rubén,
_d1946-
_eFotografías
_91421
910 _aYLockward
942 _2ddc
_cLF2
999 _c54329
_d54329